Paesi che condividono queste regioni - Statistics

Statistiche generali
  • Questo quiz è stato fatto 178 volte
  • Il punteggio medio è 18 su 23
Statistiche sulle risposte
Regione condivisa Nazione % Corretto
Tirolo Austria
100%
Tirolo Italia
99%
Galizia Spagna
97%
Patagonia Argentina
96%
Patagonia Cile
96%
Atacama Cile
96%
Galizia Portogallo
95%
Schleswig Germania
90%
Kashmir India
90%
Saint Martin Francia
89%
Atacama Perù
85%
Kashmir Pakistan
84%
Kashmir Cina
80%
Carelia Russia
78%
Schleswig Danimarca
70%
Saint Martin Paesi Bassi
68%
Hispaniola Haiti
67%
Galizia Polonia
66%
Hispaniola Repubblica Dominicana
65%
Carelia Finlandia
60%
Galizia Ucraina
58%
Bačka Ungheria
43%
Bačka Serbia
37%
Nessun quiz corrispondente trovato
Distribuzione punteggi
Percentuale di utenti per punteggio
Percentile per numero di risposta
I tuoi punteggi nel tempo
Non hai fatto questo quiz